LEADER 00655naa a2200133 i 4500 001 000000325227 003 CaOOAMICUS 005 20180831173458.0 008 180831n it u000 u ita u 013 $a36156 040 $aSeMil$bita 245 10$aRispetto ed obbedienza ai sovrani :$bistruzione del canonico teologo Michele Piano. 773 0 $tVol. 1.$kTesoro cattolico. Classe 3., Eloquenza, letteratura e varietà : scelta di opere antiche e moderne atte a sanar le piaghe religiose e politiche che affliggono l'odierna società$w()246592 996 $6245$aRispetto ed obbedienza ai sovrani :$bistruzione del canonico teologo Michele Piano$9(OLS)http://semarc/title/398414 LEADER 00807nas a2200205 i 4500 001 000000230663 003 CaOOAMICUS 005 20140714000000.0 008 140613b2014 sp uu u0 0spa r 013 $a209565 040 $aSeMil$bita 240 10$aSección de Ciencias Eclesiásticas.$0(OLS)http://semarc/title/161476 245 10$a2014 : Enero-Junio. 260 $aSantiago de Compostela :$bInstituto Teológico Compostelano,$c2014. 300 $a335 p. :$b[3] ill. ;$c24 cm. 850 $aSeMil 852 $aSeMil$W1$xVenegono$y1$m114 6 71$j181009$B181009$CSeMilBibl$Z2$F192324 $85 961 $aCambio: Scuola Cattolica 996 $6245$a2014 : Enero-Junio$9(OLS)http://semarc/title/329548 996 $6260$aSantiago de Compostela :$bInstituto Teológico Compostelano$9(OLS)http://semarc/publisher/42040